MEKANISMA PENYELAMAT KORPORAT DI MALAYSIA : (Record no. 185539)

MARC details
000 -LEADER
fixed length control field 01026nam a2200301 i 4500
003 - CONTROL NUMBER IDENTIFIER
control field OSt
005 - DATE AND TIME OF LATEST TRANSACTION
control field 20211020120539.0
008 - FIXED-LENGTH DATA ELEMENTS--GENERAL INFORMATION
fixed length control field 211017t20202020my ae w o001 0 may d
020 ## - INTERNATIONAL STANDARD BOOK NUMBER
International Standard Book Number 9789672512172
Terms of availability RM25.00
Qualifying information paperback
040 ## - CATALOGING SOURCE
Original cataloging agency PPAK
Language of cataloging eng
Transcribing agency PPAK
Description conventions rda
082 04 - DEWEY DECIMAL CLASSIFICATION NUMBER
Edition number 23
Classification number 346.595066
090 00 - LOCALLY ASSIGNED LC-TYPE CALL NUMBER (OCLC); LOCAL CALL NUMBER (RLIN)
Classification number (OCLC) (R) ; Classification number, CALL (RLIN) (NR) 346.595066
Feature heading AMI
Feature heading G
100 0# - MAIN ENTRY--PERSONAL NAME
Personal name Amirah Nadiah Muhamad Nadzir,
Dates associated with a name 1980-
Relator term author.
245 10 - TITLE STATEMENT
Title MEKANISMA PENYELAMAT KORPORAT DI MALAYSIA :
Remainder of title Isu Perundangan dan Perbandingan /
Statement of responsibility, etc. Amirah Nadiah Muhamad Nadzir, Aishah Bidin
264 #1 - PRODUCTION, PUBLICATION, DISTRIBUTION, MANUFACTURE, AND COPYRIGHT NOTICE
Place of production, publication, distribution, manufacture Bangi, Selangor :
Name of producer, publisher, distributor, manufacturer Penerbit Universiti Kebangsaan Malaysia,
Date of production, publication, distribution, manufacture, or copyright notice 2020
Date of production, publication, distribution, manufacture, or copyright notice ©2020
300 ## - PHYSICAL DESCRIPTION
Extent 76 pages ;
Dimensions 23 cm
336 ## - CONTENT TYPE
Source rdacontent
Content type term text
337 ## - MEDIA TYPE
Source rdamedia
Media type term unmediated
338 ## - CARRIER TYPE
Source rdacarrier
Carrier type term volume
500 ## - GENERAL NOTE
General note Includes index<br/>
504 ## - BIBLIOGRAPHY, ETC. NOTE
Bibliography, etc. note Bibliography: page [73]-76
650 10 - SUBJECT ADDED ENTRY--TOPICAL TERM
Topical term or geographic name entry element Corporation law
Geographic subdivision Malaysia
Topical term or geographic name entry element Commercial law
Geographic subdivision Malaysia
Topical term or geographic name entry element Government publications
Geographic subdivision Malaysia
700 0# - ADDED ENTRY--PERSONAL NAME
Personal name Aishah Bidin,
Relator term author.
942 ## - ADDED ENTRY ELEMENTS (KOHA)
Source of classification or shelving scheme Dewey Decimal Classification
Koha item type Book
Holdings
Withdrawn Not for loan Current library Shelving location Date acquired Full call number Barcode Date last seen Koha item type
    Perpustakaan Alor Setar Pinjaman Dewasa 06/12/2021 346.595066 AMI A01715304 06/12/2021 Book
    Perpustakaan Awam Sungai Petani Pinjaman Dewasa 06/12/2021 346.595066 AMI A01715305 06/12/2021 Book
    Perpustakaan Baling Pinjaman Dewasa 06/12/2021 346.595066 AMI A01715308 06/12/2021 Book
    Perpustakaan Jitra Pinjaman Dewasa 06/12/2021 346.595066 AMI A01715306 06/12/2021 Book
    Perpustakaan Kulim Pinjaman Dewasa 06/12/2021 346.595066 AMI A01715307 06/12/2021 Book
    Perpustakaan Merbok Pinjaman Dewasa 06/12/2021 346.595066 AMI A01715309 06/12/2021 Book